| 000 | 00824nam a22001695i 4500 | ||
|---|---|---|---|
| 001 | 163417 | ||
| 003 | ES-MaACL | ||
| 005 | 20230906212733.0 | ||
| 008 | 990323s1878 sp |||| | spa d | ||
| 100 | 1 |
_aReyes y Mesa, José de. _9131753 |
|
| 245 | 1 | 0 | _aRefutación por el teniente general don José de los Reyes y Mesa a las aseveraciones erróneas hechas por el teniente general don Manuel Pavía Rodríguez de Alburquerque en un libro titulado "Ejército del Centro". |
| 260 |
_aMadrid : _b[s.n.], _c1878 ( _fImp. y Fund. de la Viuda e Hijos de J.A. García) |
||
| 300 |
_a24 p. ; _c22 cm. |
||
| 600 | 1 | 4 |
_aPavía y Rodríguez de Alburquerque, Manuel. _989681 |
| 740 | 0 | 2 | _aEjército del Centro. |
| 852 |
_aES-MaACL _jT-259-F-2 _z- Enc. hol., falto de cub. original _z- Firma de Antonio Escobar, 10 de octubre de 1878 |
||
| 999 |
_c163417 _d163417 |
||